| 000 | 01204nam a2200409 c 4500 | ||
|---|---|---|---|
| 001 | 000030475 | ||
| 003 | RuMoIPM | ||
| 005 | 20260505113626.0 | ||
| 008 | 230210s1971 ru ||||||| |||| ||rus d | ||
| 035 | _a(RuMoBEN) 001947014 | ||
| 035 | _a(ELAR retro) [2022] 000013549 | ||
| 040 |
_aRuMoBEN _brus _ercr |
||
| 041 | 0 | _arus | |
| 044 | _aru | ||
| 080 | _a501 | ||
| 080 | _a531.1 | ||
| 080 | _a517.947 | ||
| 080 | _a517.946 | ||
| 080 | _a517.945 | ||
| 080 | _a517.944 | ||
| 080 | _a517.95 | ||
| 080 | _a517.94 | ||
| 080 | _a517.93 | ||
| 080 | _a517.92 | ||
| 080 | _a517.91 | ||
| 080 | _a681.3.06 | ||
| 080 | _a004 | ||
| 080 | _a62-50 | ||
| 080 | _a51 | ||
| 245 | 1 | 0 |
_aПроблемы прикладной математики и механики _bСборник статей _c[Ред. коллегия: Н. Н. Боголюбов и др.] |
| 260 |
_aМосква _bНаука _c1971 |
||
| 300 |
_a283 с., [1] л. портр. _bил. |
||
| 500 | _aВ надзаг.: АН СССР. Вычислительный центр | ||
| 504 | _aБиблиогр. в конце ст. | ||
| 700 | 1 |
_aБоголюбов, Николай Николаевич _eред. |
|
| 942 | _cBK | ||
| 999 |
_c30475 _d30475 |
||